gracie abrams songs - Statistics

General Stats
  • This quiz has been taken 44 times
  • The average score is 39 of 54
Answer Stats
% Correct
risk
91%
us.
89%
21
86%
blowing smoke
86%
close to you
86%
feels like
86%
i miss you, i'm sorry
86%
minor
86%
camden
83%
friend
83%
i knew it, i know you
83%
tehe
83%
best
80%
good luck charlie
80%
i know it won't work
80%
i love you, i'm sorry
80%
block me out
77%
full machine
77%
gave you i gave you i
77%
let it happen
77%
long sleeves
77%
tough love
77%
where do we go now?
77%
amelie
74%
felt good about you
74%
older
74%
under / over
74%
augusta
71%
mess it up
71%
this is what the drugs are for
71%
405
69%
alright
69%
better
69%
fault line
69%
rockland
69%
stay
69%
will you cry?
69%
difficult
66%
hard to sleep
66%
mean it
66%
normal thing
66%
the blue
66%
the bottom
66%
two people
66%
unsteady
66%
painkillers
63%
brush fire
60%
for real this time
60%
free now
60%
i should hate you
60%
wishful thinking
60%
everywhere everything
57%
right now
57%
in between
34%
No matching quizzes found
Score Distribution
Percent of People with Each Score
Percentile by Number Answered
Your Score History
You have not taken this quiz